DC Comics: Most Published 1-100 Quiz Stats

Quiz Updated Nov 17, 2016

Also try: Marvel or DC
Challenge
Share
Tweet
Embed
Score 0/100 Timer 12:00
14 Plays Today
Rank DC Character % Correct
3.Nightwing (Dick Grayson)
99.3%
1.Batman (Bruce Wayne)
99.3%
2.Superman
98.2%
22.Joker
92%
4.Wonder Woman (Diana Prince)
90.6%
7.Green Lantern (Hal Jordan)
89%
40.Green Lantern (John Stewart)
88.7%
43.Green Lantern (Guy Gardner)
88.6%
24.Green Lantern (Alan Scott)
88.5%
31.Green Lantern (Kyle Rayner)
88.5%
16.The Flash (Wally West)
88.4%
63.The Flash (Bart Allen)
88.3%
20.The Flash (Barry Allen)
88.2%
28.The Flash (Jay Garrick)
88.1%
18.Red Robin (Tim Drake)
87.4%
29.Donna Troy (Wonder Girl)
85.4%
50.Wonder Girl (Cassie Sandsmark)
84.7%
10.Aquaman (Orin)
80.9%
6.Lex Luthor
80.6%
85.Queen Hippolyta
79.7%
26.Catwoman (Selina Kyle)
77.4%
21.Batgirl (Barbara Gordon)
76.5%
11.Green Arrow (Oliver Queen)
76.3%
58.Penguin
76%
74.Huntress (Batgirl)
69.9%
15.Supergirl
69.1%
5.Lois Lane
68.6%
12.Martian Manhunter
67.1%
8.Alfred Pennyworth
65.7%
35.Cyborg
64.8%
62.Two-Face (Harvey Dent)
63%
99.Riddler
62.8%
14.Hawkman
60.9%
33.Hawkgirl
58.1%
Rank DC Character % Correct
9.Commissioner James Gordon
57.3%
75.Poison Ivy
56.7%
30.Superboy
56%
17.Black Canary
54.3%
54.Darkseid
50%
27.Red Arrow (Arsenal)
48.9%
89.Sinestro
48.6%
61.Raven
47.6%
39.Beast Boy
47.5%
25.Captain Marvel (Billy Batson)
47.3%
13.Jimmy Olsen
47.2%
34.Starfire
47.1%
76.Captain Marvel (Freddy Freeman)
46.5%
88.Scarecrow
44.5%
86.Mary Marvel (Captain Marvel)
44.3%
32.The Atom (Ray Palmer)
43.2%
49.Brainiac 5 (Querl Dox)
42.4%
19.Perry White
41.6%
79.Deathstroke
40.9%
66.Tempest (Aqualad)
39.4%
60.Brainiac (Vril Dox I)
39%
41.Martha Kent
38.7%
81.Blue Beetle (Ted Kord)
37.2%
37.Jonathan Kent
36.5%
57.Zatanna
35.6%
70.Booster Gold
35%
51.Plastic Man (Eel)
34.2%
36.Power Girl
33.4%
67.Doctor Fate (Kent Nelson)
32.9%
52.Firestorm
30.8%
73.Red Tornado
30.5%
38.Lana Lang
29.2%
56.Elongated Man
27.4%
69.Krypto
26.7%
Rank DC Character % Correct
80.Captain Atom
26.3%
97.Swamp Thing
24.5%
55.Spectre (Aztar)
22.7%
95.Steel
22.2%
96.Jor-El
22.1%
46.Wildcat
21.6%
42.Saturn Girl
21.6%
78.Star Sapphire (Carol Ferris)
21.3%
53.Lightning Lad
20%
83.Black Lightning
19.4%
77.Sgt. Harvey Bullock
18.4%
45.Cosmic Boy
17.8%
87.Steve Trevor
17.5%
65.Metamorpho
16.1%
100.Phantom Stranger
15.2%
72.Mon-El
15.1%
91.Etrigan the Demon
14.1%
23.Bugs Bunny
14%
44.Daffy Duck
13.1%
93.Lightning Lass
12.4%
64.Chameleon Boy
11.3%
98.Duplicate Girl (Triplicate Girl)
11.2%
68.Tweety Bird
11%
71.Ultra Boy
10.8%
84.Sgt. Rock
10.8%
82.Phantom Girl
10.7%
47.Porky Pig
10.6%
59.Sylvester Pussycat
10.5%
48.Elmer Fudd
10%
92.Shrinking Violet
8.6%
90.Blackhawk
6.2%
94.Fred Flintstone
5.9%

You're not logged in!

Compare scores with friends on all Sporcle quizzes.
Sign Up with Email
OR
Log In

You Might Also Like...

Show Comments

Extras

Top Quizzes Today


Score Distribution

Your Account Isn't Verified!

In order to create a playlist on Sporcle, you need to verify the email address you used during registration. Go to your Sporcle Settings to finish the process.